Invisible - Duran Duran all lyrics - Statistics

General Stats
  • This quiz has been taken 56 times
    42 since last reset
  • The average score is 122 of 176
Answer Stats
Lyrics % Correct
I
100%
the
100%
a
95%
invisible
95%
invisible?
95%
(invisible)
95%
you
95%
on
91%
say
91%
my
86%
name
86%
are
82%
feeling
82%
go
82%
no
82%
No
82%
word
82%
can
77%
gone
77%
hear
77%
memory
77%
numb
77%
when
77%
can't
73%
voice
73%
with
73%
and
68%
they
68%
even
64%
has
64%
have
64%
is
64%
not
64%
as
59%
become
59%
by
59%
call
59%
hears
59%
one
59%
without
59%
life
55%
Walking
55%
wall
55%
we
55%
down
50%
fall
50%
or
50%
silently
50%
so
50%
will
50%
all
45%
but
45%
crowd
45%
ignored
45%
its
45%
living
45%
noise
45%
this
45%
voiceless
45%
again
41%
ask
41%
backing
41%
choice
41%
discouraged
41%
don't
41%
game
41%
hesitation
41%
isn't
41%
play
41%
shadows
41%
air
36%
loaded
36%
red
36%
turns
36%
goes
27%
way
27%
disgrace
23%
face
23%
talking
23%
blame
18%
falling
18%
fault
18%
of
18%
shape
18%
wish
18%
away
14%
dreamers
14%
show
14%
No matching quizzes found
Score Distribution
Percent of People with Each Score
Percentile by Number Answered
Your Score History
You have not taken this quiz since the last reset